Statistics for Darts Premier League Lineup 2024

Click here to take the quiz!

General Stats

  • This quiz has been taken 264 times
  • The average score is 8 of 8

Answer Stats

HintAnswer% Correct
DutchMichael Van Gerwen
99%
EnglishLuke Littler
98%
WelshGerwyn Price
97%
EnglishLuke Humphries
97%
ScottishPeter Wright
96%
EnglishMichael Smith
95%
EnglishRob Cross
88%
EnglishNathan Aspinall
85%

Score Distribution

Percentile by Number Answered

Percent of People with Each Score

Your Score History

You have not taken this quiz